Teoria de la literatura de los formalistas, Rusos / (Record no. 127195)

MARC details
000 -LEADER
fixed length control field 00566cam a2200181 4500
008 - FIXED-LENGTH DATA ELEMENTS--GENERAL INFORMATION
fixed length control field s1970 ag spa
245 10 - TITLE STATEMENT
Title Teoria de la literatura de los formalistas, Rusos /
Statement of responsibility, etc por Jakobson, Tinianov, Eichenbaum...(et.al.)
250 ## - EDITION STATEMENT
Edition statement 1a. ed.
260 ## - PUBLICATION, DISTRIBUTION, ETC. (IMPRINT)
Place of publication, distribution, etc Buenos Aires, Arg. :
Name of publisher, distributor, etc Siglo veintiuno,
Date of publication, distribution, etc 1970
300 ## - PHYSICAL DESCRIPTION
Extent 235 p. ;
Dimensions 20 cm.
504 ## - BIBLIOGRAPHY, ETC. NOTE
Bibliography, etc Incluye nota bibliografica
650 #4 - SUBJECT ADDED ENTRY--TOPICAL TERM
Topical term or geographic name as entry element Literatura Rusa
700 1# - ADDED ENTRY--PERSONAL NAME
Personal name Jakobson, Roman, coaut.
942 ## - ADDED ENTRY ELEMENTS (KOHA)
Source of classification or shelving scheme Biblioteca del Cogreso de los Estados Unidos
Koha item type Libro
Holdings
Estado de pérdida Fuente de clasificación Estado del daño No para préstamo Ubicación permanente Ubicación actual Apartado o colección Fecha de adquisición Edición Área del conocimiento Total Checkouts Clasificación Código de Barras Date last seen Date checked out Número de copia Tipo de recurso
  Biblioteca del Cogreso de los Estados Unidos     Biblioteca de la Facultad de Filosofía Biblioteca de la Facultad de Filosofía General 15/02/2017 1a. ed. Educación y Humanidades 1 PG3026 T44 1970 BFF000023789 09/06/2023 05/06/2023 C.1 Libro